Capitani del Napoli - Statistics

Statistiche generali
  • Questo quiz è stato fatto 39 volte
  • Il punteggio medio è 8 su 28
Statistiche sulle risposte
Ruolo Stagioni al club Stagioni da capitano Presenze Reti Calciatore % Corretto
D 2019-attuale 2022-attuale (4) 270 18 Giovanni Di Lorenzo
94%
A 2009-2010 e 2012-2022 2019-2022 (4) 434 122 Lorenzo Insigne
94%
CA 2007-2019 2014-2019 (5) 520 121 Marek Hamšík
94%
A 1984-1991 1986-1991 (5) 259 115 Diego Armando Maradona
91%
D 1998-1999 e 2006-2014 2007-2014 (7) 278 9 Paolo Cannavaro
83%
D 1984-1994 1991-1994 (3) 322 15 Ciro Ferrara
54%
P 2005-2011 2006-2007 (1) 119 -96 Gennaro Iezzo
43%
D 1972-1988 1978-1980 e 1983-1986 (5) 511 11 Giuseppe Bruscolotti
43%
C 1962-1978 1966-1978 (12) 505 38 Antonio Juliano
26%
C 2003-2004 e 2004-2009 2005-2006 (1) 166 6 Francesco Montervino
26%
P 1990-1991 e 1993-1999 1998-1999 (1) 203 -257 Giuseppe Taglialatela
23%
A 1926-1937 1933-1937 (4) 266 108 Attila Sallustro
17%
C 1952-1960 1953-1960 (7) 253 27 Bruno Pesaola
11%
A 1950-1956 1951-1953 (2) 171 47 Amedeo Amadei
9%
D 1996-2000 e 2004-2005 2004-2005 (1) 78 4 Gennaro Scarlato
9%
A 1999-2003 2002-2003 (1) 102 33 Roberto Stellone
9%
C 2003-2004 2003-2004 (1) 47 0 Dario Marcolin
6%
D 1995-2001 e 2002-2003 1999-2001 (2) 195 2 Francesco Baldini
6%
D 1995-1998 1997-1998 (1) 96 1 Roberto Ayala
6%
P 1934-1943 e 1945-1948 1938-1943 e 1945-1948 (8) 235 -297 Arnaldo Sentimenti
3%
C 1928-1938 1937-1938 (1) 270 41 Carlo Buscaglia
3%
C 1976-1983 1980-1983 (3) 253 5 Claudio Vinazzani
3%
C 1941-1943 e 1945-1951 1948-1951 (3) 153 7 Egidio Di Costanzo
3%
C 1999-2002 2001-2002 (1) 127 6 Oscar Magoni
3%
P 1953-1961 1960-1961 (1) 261 -334 Ottavio Bugatti
3%
D 1926-1937 1926-1933 (7) 213 6 Paulo Innocenti
3%
D 1961-1967 1961-1966 (5) 227 15 Pierluigi Ronzon
3%
D 1993-1997 1994-1997 (3) 122 0 Roberto Bordin
3%
Nessun quiz corrispondente trovato
Distribuzione punteggi
Percentuale di utenti per punteggio
Percentile per numero di risposta
I tuoi punteggi nel tempo
Non hai fatto questo quiz